Statystyki dla Rosja - podział administracyjny (mapa)

Kliknij tutaj aby rozwiązać quiz!

Ogólne statystyki

  • Ten quiz został rozwiązany 5 897 razy
  • Średni wynik to 34 z 85

Odpowiedzi na mapie

Odpowiedzi skodowane kolorowo w zielono-czerwonej skali na mapie do tego quizu, zgodnie z poniższymi procentami.
 

Statystyki odpowiedzi

RodzajFederal Subject% Poprawnych
MiastoMoskwa
94%
RepublikaKrym
85%
MiastoSankt Petersburg
85%
Obwódkaliningradzki
83%
RepublikaCzeczenia
74%
KrajKamczatka
70%
MiastoSewastopol
69%
RepublikaJakucja
64%
RepublikaKarelia
63%
Obwódmoskiewski
63%
Obwódmurmański
62%
Obwódsmoleński
62%
Obwódwołgogradzki
56%
RepublikaDagestan
55%
KrajKrasnodar
54%
Obwódleningradzki
54%
Obwódsachaliński
54%
Obwódrostowski
53%
Autonomiczny ObwódŻydowski
52%
Obwódarchangielski
51%
Obwódpskowski
49%
RepublikaTatarstan
49%
RepublikaTuwa
49%
KrajKrasnojarsk
48%
RepublikaOsetia Północna
48%
Obwódirkucki
47%
Obwódnowogrodzki
46%
Obwódomski
46%
Autonomiczny OkręgCzukocki
45%
Obwódnowosybirski
44%
KrajPerm
44%
Obwódkurski
41%
Obwódastrachański
40%
Autonomiczny OkręgNieniecki
40%
Obwódjarosławski
39%
RepublikaKomi
39%
Obwódniżnonowogrodzki
39%
Obwódsamarski
39%
RepublikaAłtaj
38%
KrajAłtaj
38%
RepublikaBuriacja
38%
KrajNadmorski
38%
RepublikaKałmucja
37%
Obwódmagadański
36%
Obwódworoneski
36%
Obwódamurski
35%
RepublikaInguszetia
35%
Obwódtomski
35%
RepublikaAdygeja
34%
Obwódbriański
34%
Obwódtwerski
34%
KrajZabajkalski
34%
Obwódbiełgorodzki
33%
Obwódtulski
33%
KrajChabarowsk
32%
Obwódczelabiński
32%
RepublikaMari El
31%
KrajStawropolski
31%
Obwódorenburski
29%
Obwódorłowski
29%
Obwódriazański
29%
Obwódsaratowski
29%
Obwódwłodzimierski
29%
Autonomiczny OkręgJamalsko-Nieniecki
26%
RepublikaBaszkortostan
25%
RepublikaMordowia
25%
Autonomiczny OkręgChanty-Mansyjski / Jugra
24%
Obwódlipiecki
24%
RepublikaChakasja
23%
Obwódiwanowski
23%
Obwódkirowski
23%
Obwódswierdłowski
23%
RepublikaUdmurcja
23%
Obwódtiumeński
22%
Obwóduljanowski
22%
Obwódwołogodzki
22%
Obwódkałuski
21%
Obwódkemerowski
20%
RepublikaRepublika Kabardyjsko-Bałkarska
19%
RepublikaRepublika Karaczajsko-Czerkieska
19%
RepublikaRepubliska Czuwaska
19%
Obwódtambowski
19%
Obwódkostromski
18%
Obwódkurgański
18%
Obwódpenzeński
18%

Rozkład punktacji

Percentyl według liczby udzielonych odpowiedzi

Procent ludzi z każdym wynikiem

Twoja historia wyników

Nie rozwiązałeś tego quizu